Температурная и концентрационная зависимости электронной структуры оксидов меди в обобщенном методе сильной связи; Журнал экспериментальной и теоретической физики; Т. 124, вып. 4

Bibliografski detalji
Parent link:Журнал экспериментальной и теоретической физики=ЖЭТФ/ Российская академия наук (РАН) ; Отделение физических наук РАН.— , 1931-.— 0044-4510
Т. 124, вып. 4.— 2003.— с. 862-870
Glavni autor: Борисов А. А.
Daljnji autori: Гавричков В. А., Овчинников С. Г.
Jezik:ruski
Izdano: 2003
Serija:Твердые тела
Teme:
Format: MixedMaterials Poglavlje knjige
KOHA link:https://koha.lib.tpu.ru/cgi-bin/koha/opac-detail.pl?biblionumber=431576

MARC

LEADER 00000naa2a2200000 4500
001 431576
005 20231101075409.0
035 |a (RuTPU)RU\TPU\prd\91711 
035 |a RU\TPU\prd\20646 
090 |a 431576 
100 |a 20101201a2003 k y0rusy50 ca 
101 0 |a rus 
102 |a RU 
200 1 |a Температурная и концентрационная зависимости электронной структуры оксидов меди в обобщенном методе сильной связи  |f А. А. Борисов, В. А. Гавричков, С. Г. Овчинников 
225 1 |a Твердые тела  |e Электронные свойства 
320 |a Библиогр.: 25 назв. 
461 1 |0 (RuTPU)RU\TPU\prd\1443  |x 0044-4510  |t Журнал экспериментальной и теоретической физики  |l ЖЭТФ  |f Российская академия наук (РАН) ; Отделение физических наук РАН  |d 1931- 
463 1 |0 (RuTPU)RU\TPU\prd\91698  |t Т. 124, вып. 4  |v с. 862-870  |d 2003 
610 1 |a электронные структуры 
610 1 |a температурная зависимость 
610 1 |a оксиды меди 
610 1 |a концентрационная зависимость 
610 1 |a дырочно допированные ВТСП-купраты 
610 1 |a метод сильной связи 
610 1 |a поверхности Ферми 
700 1 |a Борисов  |b А. А. 
701 1 |a Гавричков  |b В. А. 
701 1 |a Овчинников  |b С. Г. 
801 1 |a RU  |b 63413507  |c 20031217  |g PSBO 
801 2 |a RU  |b 63413507  |c 20101201  |g RCR 
942 |c BK